Biblioteca "Ernesto Sabato"
Facultad de Derecho y Ciencias Sociales
Facultad de Lenguas
Universidad Nacional del Comahue

Boletín del Centro de Investigaciones de filosofía jurídica y filosofía social (Record no. 2257)

MARC details
000 -CABECERA
campo de control de longitud fija 00752cas a22001812a 4500
001 - NÚMERO DE CONTROL
campo de control 000346
003 - IDENTIFICADOR DEL NÚMERO DE CONTROL
campo de control AR-FADEU
008 - DATOS DE LONGITUD FIJA--INFORMACIÓN GENERAL
campo de control de longitud fija 311216n############xxu####################dd
092 ## - ASIGNACIÓN LOCAL DE SIGNATURA TOPOGRÁFICA DEWEY (OCLC)
Número de clasificación PP(340)BOL
022 ## - NÚMERO INTERNACIONAL NORMALIZADO PARA PUBLICACIONES SERIADAS
Número Internacional Normalizado para Publicaciones Seriadas 1575-9776-45
245 ## - MENCIÓN DE TÍTULO
Título Boletín del Centro de Investigaciones de filosofía jurídica y filosofía social
260 ## - PUBLICACIÓN, DISTRIBUCIÓN, ETC. (PIE DE IMPRENTA)
Nombre del editor, distribuidor, etc. Fundación para las Investigaciones Jurídicas
260 ## - PUBLICACIÓN, DISTRIBUCIÓN, ETC. (PIE DE IMPRENTA)
Lugar de publicación, distribución, etc. Rosario
260 ## - PUBLICACIÓN, DISTRIBUCIÓN, ETC. (PIE DE IMPRENTA)
Lugar de publicación, distribución, etc. Universidad Nacional de Rosario. Facultad de Derecho. Consejo Asesor de Investigación
300 ## - DESCRIPCIÓN FÍSICA
Otras características físicas 1987 (9); 1988 (8, 11); 1989 (12); 1990 (13); 1991 (14); 1992 (15); 1993 (16); 1994 (17-18); 1995 (20); 1996 (21); 1997 (22); 1998 (23); 1999 (23); 2000 (24); 2001 (25); 2002 (26)
650 ## - PUNTO DE ACCESO ADICIONAL DE MATERIA--TÉRMINO DE MATERIA
Término de materia o nombre geográfico como elemento inicial DERECHO-FILOSOFIA
942 ## - ELEMENTOS DE PUNTO DE ACCESO ADICIONAL (KOHA)
Tipo de ítem Koha PPGR

No items available.

Facultad de Derecho y Ciencias Sociales | Universidad Nacional del Comahue | Mendoza y Perú General Roca | Río Negro CP (8332) | Patagonia Argentina | Teléfono: 54-0298-4433670 | | Fax: 0298-4432093 | Fax alumnos: 0298-4435700